000 00973nam a2200277 a 4500
001 BRCA_3783
003 FranzMayer
005 20230918131019.0
008 161209s2009----mx-a######---#000-0#spa-#
020 _a9786079531409
040 _cMFM
041 _aspa
044 _asp
050 4 _aBT660.G8
_b.T74 2009
245 1 0 _aTres siglos en el Tepeyac
_bel Antiguo Templo y Morada de Guadalupe (1709-2009).
260 _aMéxico
_bMuseo de la Basílica de Guadalupe
_c2009
300 _a283 p.
_bil. a color
_c30 cm.
500 _aUn ejemplar en Anexo 1
500 _aIncluye siglas, lista de ilustraciones y catálogo de obra
500 _aIncluye piezas de la colección Franz Mayer: p. 71, 72, 83 y 128
500 _a2do. ejemplar en el Área de Investigación
504 _aBibliografía: p. 249-255
610 2 4 _aAntiguo Templo y Morada de Guadalupe
_xVida religiosa y custumbres
_99862
650 1 4 _aGuadalupe, nuestra señora de
_95318
942 _2lcc
_cB
999 _c3512
_d3512